Normal view
MARC view
- NELSON,L.R.BRISCH H.J
Entry Personal Name
001 - CONTROL NUMBER
- control field: 90387
003 - CONTROL NUMBER IDENTIFIER
- control field: NUST
005 - DATE AND TIME OF LATEST TRANSACTION
- control field: 20220307144058.0
008 - FIXED-LENGTH DATA ELEMENTS
- fixed length control field: 220307|| aca||aabn | a|a d
040 ## - CATALOGING SOURCE
- Original cataloging agency: NUST
- Transcribing agency: NUST
100 ## - HEADING--PERSONAL NAME
- Personal name: NELSON,L.R.BRISCH H.J
670 ## - SOURCE DATA FOUND
- Source citation: Work cat.: (NUST): NELSON,L.R.BRISCH H.J., MOSONRY MATERIALS TESTING AND APPLICATIONS /, 1999.
